00497nam a2200145 a 450000100100000000500170001000800410002702000150006804000250008310000440010824500620015226000460021430000210026050000700028100003887820240305135410.0130501s1995 cl 000 0 spa d a9580210039 aDO-SdBNPbspacBNPHU1 aGarcía Márquez, Gabriel,b1928-201410aCómo se cuenta un cuento /cGabriel García Márquez. aSantafé de Bogotá :bVoluntad,c1995. a253 p. ;c22 cm. aIncluye datos biográficos del autor en la solapa de la cubierta